|
|
|
|
| LEADER |
00000naa a2200000uu 4500 |
| 001 |
vtls010955560 |
| 003 |
SK-MaSNL |
| 005 |
20260302125932.0 |
| 008 |
220810|2000 xo |||||||||||||||||cze| |
| 015 |
|
|
|a SNBRA
|
| 035 |
|
|
|a (urnnbn)urn:nbn:sk:snk:ar-a0bnap
|
| 035 |
|
|
|a (uuid)4bc07e17-a7d9-4ed6-81c3-504b36f58758
|
| 035 |
|
|
|a urn:nbn:sk:snk-aauf8s
|
| 040 |
|
|
|a SNKBUCL
|b slo
|c SNKBUCL
|e AACR2
|
| 041 |
0 |
|
|a cze
|
| 044 |
|
|
|a xo
|c SK
|
| 100 |
1 |
|
|a Hofirek, B.
|4 aut
|9 514469
|
| 245 |
1 |
0 |
|a METODY ODBĚRU A JEJICH VLIV NA SLOŽENÍ BACHOROVÉ TEKUTINY U VYSOKOUŽITKOVÝCH DOJNIC
|c B. Hofirek, D. Haas
|
| 246 |
3 |
|
|a Effect of sampling methods on composition of ruminal fluid in high-yielding dairy cows
|
| 246 |
3 |
|
|a Methoden der Probenentnahme und ihr Einfluß auf die Zusammensetzung des Pansensaftes bei hochleistenden Milchkühen
|
| 700 |
1 |
|
|a Haas, D.
|4 aut
|9 813526
|
| 773 |
0 |
|
|t Zborník prednášok z 2. stredoeurópskeho bujatrického kongresu "Chorobnosť a ekonomika chovu hovädzieho dobytka", 11.-13. mája 2000, Vysoké Tatry
|d Košice : Univerzita veterinárskeho lekárstva, 2000, 2000
|g S. 122-124
|z 8088985110
|
| 954 |
|
|
|a odborná, vedecká literatúra cudzojazyčná (svetová)
|2 lita
|
| 958 |
|
|
|a OND
|
| 958 |
|
|
|a article11
|
| 958 |
|
|
|a chapter
|
| 999 |
|
|
|c 1296465
|d 1298395
|